[Event "Druzynowe Mistrzostwa Polski Juniorow - I Liga 2023"]
[Site "Lublin"]
[Date "1899-12-30"]
[Round "3.32"]
[White "Duda, Leon"]
[Black "Piechota, Kamil"]
[Result "1/2-1/2"]
[WhiteTitle "I"]
[BlackTitle "I"]
[WhiteElo "1555"]
[BlackElo "1685"]

1. e4 e5 2. Nf3 Nc6 3. Nc3 Nf6 4. d4 exd4 5. Nxd4 Bb4 6. Nxc6 bxc6 7. Bd3 O-O 8.
O-O d5 9. exd5 cxd5 10. h3 c6 11. Qf3 Bd7 12. Bf4 Re8 13. a3 Ba5 14. b4 Bc7 15.
Rfe1 Bxf4 16. Qxf4 Nh5 17. Qd6 Be6 18. Qxd8 Raxd8 19. Ne2 Bd7 20. Nd4 Nf4 21.
Ba6 Ne6 22. Nxe6 fxe6 23. Re5 Rb8 24. Rae1 Rb6 25. Bd3 Rc8 26. c4 h6 27. R1e3
Rf8 28. Be2 Rf6 29. g3 Kf7 30. Bh5+ g6 31. Bg4 1/2-1/2

[Event "Druzynowe Mistrzostwa Polski Juniorow - I Liga 2023"]
[Site "Lublin"]
[Date "1899-12-30"]
[Round "3.33"]
[White "Niesporek, Franciszek"]
[Black "Niesyt, Michal"]
[Result "0-1"]
[WhiteTitle "I"]
[BlackTitle "I"]
[WhiteElo "1644"]
[BlackElo "1564"]

1. e4 c5 2. c3 d5 3. exd5 Qxd5 4. d4 Nc6 5. Nf3 cxd4 6. cxd4 e5 7. Nc3 Bb4 8. Bd2
Bxc3 9. Bxc3 e4 10. Ne5 Nxe5 11. dxe5 Ne7 12. Be2 O-O 13. O-O Be6 14. Qc2 Qc6
15. Rac1 Rac8 16. Qd2 Rfd8 17. Qg5 Qe8 18. Qf4 Bd5 19. h4 Ng6 20. Qg3 Nf8 21.
h5 h6 22. Qe3 Ne6 23. Bg4 Qe7 24. Rfd1 Qh4 25. Qh3 Qg5 26. a3 Nf4 27. Qg3 Be6
28. Bd2 Rxd2 29. Rxc8+ Bxc8 30. Rxd2 Bxg4 31. Kf1 Nxh5 32. Qc3 Nf4 33. Qg3 Qh5
34. Rd8+ Kh7 35. Ke1 Qh1+ 36. Kd2 Qd1+ 37. Ke3 Qxd8 38. Qxg4 g5 39. Qf5+ Kg7 40.
Qxe4 Qd5 41. Qxd5 Nxd5+ 42. Kd4 Nf4 43. g3 Ne6+ 44. Kd5 h5 0-1

[Event "Druzynowe Mistrzostwa Polski Juniorow - I Liga 2023"]
[Site "Lublin"]
[Date "1899-12-30"]
[Round "3.34"]
[White "Markowski, Tymon"]
[Black "Karwot, Marek"]
[Result "0-1"]
[WhiteTitle "II"]
[BlackTitle "II+"]
[WhiteElo "1329"]
[BlackElo "1594"]

1. e4 c5 2. b3 Nc6 3. Bb2 d6 4. Nf3 Nf6 5. Nc3 g6 6. Bb5 Bd7 7. Nd5 Bg7 8. O-O
O-O 9. Nxf6+ Bxf6 10. Bxf6 exf6 11. Re1 f5 12. Bxc6 bxc6 13. e5 d5 14. d4 cxd4
15. Qxd4 Be6 16. h4 Qe7 17. Qf4 Kg7 18. Qg5 Qxg5 19. Nxg5 d4 20. Rad1 Rfd8 21.
Rd3 Rd5 22. Nxe6+ fxe6 23. c3 dxc3 24. Rxc3 Rc8 25. Rec1 Rxe5 26. Rxc6 Re1+ 27.
Rxe1 Rxc6 28. g3 Kf6 29. Re2 e5 30. Kg2 a5 31. Rb2 e4 32. a3 Rb6 33. f3 Ke5 34.
fxe4 fxe4 35. b4 Rb5 36. Kf2 h5 37. Ke3 Kf5 38. Rf2+ Kg4 39. Rf4+ Kxg3 40. Rxe4
axb4 41. Rxb4 Re5+ 42. Re4 Rxe4+ 43. Kxe4 Kxh4 44. a4 Kg3 45. a5 h4 0-1

[Event "Druzynowe Mistrzostwa Polski Juniorow - I Liga 2023"]
[Site "Lublin"]
[Date "1899-12-30"]
[Round "3.35"]
[White "Bugaj, Hanna"]
[Black "Bialek, Alicja"]
[Result "1/2-1/2"]
[WhiteTitle "I++"]
[BlackTitle "I"]
[WhiteElo "1657"]
[BlackElo "1503"]

1. Nf3 g6 2. d4 Bg7 3. Nbd2 d6 4. e4 Nd7 5. Bd3 c5 6. c3 Qc7 7. O-O e6 8. a4 Ne7
9. Re1 O-O 10. Nc4 d5 11. exd5 Nxd5 12. Bg5 a6 13. Qd2 cxd4 14. cxd4 N7f6 15.
Rec1 Qe7 16. Nfe5 Rb8 17. a5 Qb4 18. Qd1 h6 19. Bd2 Qe7 20. f3 Rd8 21. Be4 Bd7
22. Be1 Bb5 23. Bf2 Rbc8 24. Na3 Be8 25. Qb3 Nb4 26. Nac4 Nbd5 27. Rd1 Bb5 28.
Na3 Be8 29. Rac1 Rc7 30. Bg3 Rcc8 31. Rc4 Kh8 32. Rdc1 Rxc4 33. Rxc4 Kg8 34. Bf2
Kh8 35. Qc2 Kg8 36. Qc1 Kh7 37. h3 Kg8 38. Bc2 b5 39. axb6 Nxb6 40. Rc3 Nfd5 41.
Rc5 Qb7 42. Be4 Qb8 43. Bxd5 Rxd5 44. Rxd5 Nxd5 45. Nac4 Bb5 46. b3 Qd8 47. Qc2
Nb4 48. Qe4 Nd5 49. Be1 Qe7 50. Bd2 Kh7 51. g3 Nf6 52. Qd3 Nd7 53. Qe4 Nf6 54.
Qe3 Nd5 55. Qe4 Nf6 56. Qe1 Qa7 57. Be3 1/2-1/2

[Event "Druzynowe Mistrzostwa Polski Juniorow - I Liga 2023"]
[Site "Lublin"]
[Date "1899-12-30"]
[Round "3.36"]
[White "Gajda, Anna"]
[Black "Rduch, Diana"]
[Result "1-0"]
[WhiteTitle "I"]
[BlackTitle "I"]
[WhiteElo "1243"]
[BlackElo "1129"]

1. e4 c5 2. Nf3 g6 3. d4 cxd4 4. Qxd4 Nf6 5. Nc3 Nc6 6. Qa4 d6 7. e5 dxe5 8. Nxe5
Bg7 9. Nxc6 bxc6 10. Qxc6+ Bd7 11. Qf3 O-O 12. Bc4 Rb8 13. O-O Bf5 14. Bb3 Qc7
15. h3 Rfe8 16. Be3 a6 17. Rfe1 Rbd8 18. Rad1 e6 19. g4 Kh8 20. gxf5 gxf5 21.
Bg5 Rg8 22. Kh1 Rde8 23. Rg1 Qa7 24. Qf4 Qb7+ 25. Kh2 Nd7 26. Rxd7 Qxd7 27. Ba4
Qc8 28. Bxe8 e5 29. Qh4 Qxe8 30. Bf6 e4 31. Bxg7+ Rxg7 32. Rxg7 Kxg7 33. Qg5+
Kf8 34. Qxf5 e3 35. Qc5+ Kg8 36. Qxe3 Qb8+ 37. Qg3+ Qxg3+ 38. Kxg3 Kg7 39. Na4
Kf6 40. Nc5 a5 41. Nb7 a4 42. Nc5 a3 43. bxa3 Ke5 44. a4 Kd5 45. Nb3 Kc4 46. a5
Kb5 47. c4+ Ka6 48. c5 Kb5 49. Kf4 1-0

[Event "Druzynowe Mistrzostwa Polski Juniorow - I Liga 2023"]
[Site "Lublin"]
[Date "1899-12-30"]
[Round "3.37"]
[White "Wnek, Filip"]
[Black "Malik, Maciej"]
[Result "1-0"]
[WhiteTitle "I++"]
[BlackTitle "k"]
[WhiteElo "2057"]
[BlackElo "2045"]

1. e4 d6 2. d4 Nf6 3. Nc3 g6 4. f4 Bg7 5. Nf3 c5 6. Bc4 cxd4 7. Nxd4 O-O 8. Be3
a6 9. a4 Nc6 10. Qd2 Bd7 11. h3 Nxd4 12. Bxd4 b5 13. Bd3 Bc6 14. O-O e5 15. fxe5
dxe5 16. Bc5 Re8 17. Qe3 Qb8 18. axb5 axb5 19. Rxa8 Qxa8 20. Nxb5 Bxb5 21. Bxb5
Rb8 22. Bc4 Rxb2 23. Bb3 Nxe4 24. Rxf7 Kh8 25. Qf3 Rb1+ 26. Kh2 Bh6 27. Be7 Bf4+
28. Rxf4 Rxb3 29. Rf8+ 1-0

[Event "Druzynowe Mistrzostwa Polski Juniorow - I Liga 2023"]
[Site "Lublin"]
[Date "1899-12-30"]
[Round "3.38"]
[White "Karut, Kacper"]
[Black "Rainer, Piotr"]
[Result "1/2-1/2"]
[WhiteTitle "I"]
[BlackTitle "I"]
[WhiteElo "1954"]
[BlackElo "1727"]

1. e4 c5 2. Nf3 Nc6 3. Bb5 e5 4. c3 Nge7 5. O-O g6 6. d4 exd4 7. cxd4 cxd4 8. Nxd4
Bg7 9. Be3 O-O 10. Nc3 d5 11. exd5 Nb4 12. d6 Ned5 13. Nb3 Be6 14. Nxd5 Nxd5 15.
Qd2 Nxe3 16. fxe3 a6 17. Be2 Be5 18. Bf3 Bxd6 19. Rad1 Bxb3 20. axb3 Bc5 21. Qxd8
Bxe3+ 22. Kh1 Raxd8 23. Bxb7 a5 24. Bd5 Kg7 25. Bc4 Rxd1 26. Rxd1 Bc5 27. Rd7
Bb4 28. g3 Bc5 29. Kg2 Bb4 30. Kf3 Bc5 31. g4 h6 32. h4 Bb4 33. h5 g5 34. Ke4
Be1 35. Kf5 Bb4 36. Rb7 1/2-1/2

[Event "Druzynowe Mistrzostwa Polski Juniorow - I Liga 2023"]
[Site "Lublin"]
[Date "1899-12-30"]
[Round "3.39"]
[White "Micula, Jakub"]
[Black "Pycinski, Wladyslaw"]
[Result "1/2-1/2"]
[WhiteTitle "I"]
[BlackTitle "I"]
[WhiteElo "1666"]
[BlackElo "1927"]

1. d4 d5 2. c4 e6 3. Nf3 c6 4. Qc2 Nf6 5. Nbd2 Nbd7 6. g3 Bd6 7. Bg2 O-O 8. O-O
Qe7 9. b3 e5 10. dxe5 Nxe5 11. cxd5 Nxd5 12. a3 Nxf3+ 13. Nxf3 Bg4 14. Bb2 Rae8
15. Rfe1 f5 16. e3 Qe4 17. Qxe4 fxe4 18. Nd2 Bf5 19. Nc4 Bc7 20. Rac1 Re7 21.
b4 a6 22. Bd4 Rff7 23. Rc2 Bg4 24. Nd2 Bf5 25. Nb3 Bd6 26. Rb1 Bg4 27. Nc5 Bf3
28. Bh3 Bxc5 29. Bxc5 Re8 30. Bd4 g5 31. a4 g4 32. Bf1 Rc7 33. Bc4 Rcc8 34. b5
axb5 35. axb5 Kf8 36. bxc6 bxc6 37. Rbc1 1/2-1/2

[Event "Druzynowe Mistrzostwa Polski Juniorow - I Liga 2023"]
[Site "Lublin"]
[Date "1899-12-30"]
[Round "3.40"]
[White "Czeremcha, Piotr"]
[Black "Kozak, Karol"]
[Result "1/2-1/2"]
[WhiteTitle "II"]
[BlackTitle "I"]
[WhiteElo "1442"]
[BlackElo "1492"]

1. Nf3 c5 2. c4 Nc6 3. e3 g6 4. Nc3 Bg7 5. Be2 Nf6 6. O-O O-O 7. d4 cxd4 8. exd4
d5 9. b3 Bf5 10. Bb2 dxc4 11. bxc4 Ne4 12. Nxe4 Bxe4 13. Ng5 Bf5 14. Nf3 Qb6 15.
Qb3 Qxb3 16. axb3 Be4 17. Ng5 Bc2 18. Bd1 Bd3 19. Re1 Nxd4 20. Rxe7 Rfe8 21. Re3
Nf5 22. Bxg7 Nxe3 23. fxe3 Kxg7 24. Bf3 h6 25. Nh3 Be4 26. Bxe4 Rxe4 27. Kf2 a6
28. Nf4 Rd8 29. Nd5 Rd6 30. Kf3 Ree6 31. e4 f5 32. exf5 gxf5 33. Ra5 Re1 34. Rc5
Rd7 35. Kf4 Kg6 36. Rc8 Rb1 37. b4 Rc1 38. Ke5 Kf7 39. Rh8 Kg7 40. Rc8 Re1+ 41.
Kxf5 1/2-1/2

[Event "Druzynowe Mistrzostwa Polski Juniorow - I Liga 2023"]
[Site "Lublin"]
[Date "1899-12-30"]
[Round "3.41"]
[White "Nowak, Zuzanna"]
[Black "Tim, Anna"]
[Result "1/2-1/2"]
[WhiteTitle "I++"]
[BlackTitle "I"]
[WhiteElo "1419"]
[BlackElo "1254"]

1. e4 c5 2. Nf3 e6 3. c3 d5 4. exd5 exd5 5. d4 Nc6 6. h3 cxd4 7. cxd4 Bd6 8. Nc3
Nge7 9. Bd3 h6 10. O-O O-O 11. Be3 Bc7 12. Re1 Bf5 13. Bxf5 Nxf5 14. Qb3 Bb6 15.
Rad1 Nfe7 16. Ne5 Nxe5 17. dxe5 d4 18. Bxd4 Bxd4 19. Ne2 Bxf2+ 20. Kxf2 Qc7 21.
Ng3 Ng6 22. Rc1 Qd7 23. Rcd1 Qc7 24. Rc1 Qd7 25. Rcd1 Qc7 26. Rc1 1/2-1/2

[Event "Druzynowe Mistrzostwa Polski Juniorow - I Liga 2023"]
[Site "Lublin"]
[Date "1899-12-30"]
[Round "3.42"]
[White "Kochanowska, Patrycja"]
[Black "Nowak, Emilia"]
[Result "0-1"]
[WhiteTitle "I+"]
[BlackTitle "I"]
[WhiteElo "1454"]
[BlackElo "1307"]

1. e4 e5 2. Nf3 Nc6 3. Bb5 a6 4. Ba4 Nf6 5. O-O b5 6. Bb3 Bb7 7. c3 Nxe4 8. Re1
Nc5 9. Nxe5 Nxe5 10. Rxe5+ Be7 11. Bc2 d6 12. Re3 Ne6 13. d4 O-O 14. Rh3 h6 15.
Qd3 f5 16. Bxh6 gxh6 17. Rxh6 Ng7 18. Qh3 Bg5 19. Rg6 Qe8 20. Rxg7+ Kxg7 21. Na3
Qg6 22. Re1 Rae8 23. Rf1 Re2 24. b3 Bf4 25. g3 Rxc2 26. Nxc2 Rh8 0-1

[Event "Druzynowe Mistrzostwa Polski Juniorow - I Liga 2023"]
[Site "Lublin"]
[Date "1899-12-30"]
[Round "3.43"]
[White "Smetek, Michal"]
[Black "Stypka, Sebastian"]
[Result "1-0"]
[WhiteTitle "I++"]
[BlackTitle "II"]
[WhiteElo "1956"]
[BlackElo "1447"]

1. Nf3 d5 2. b3 Nf6 3. Bb2 e6 4. e3 c5 5. Be2 Nc6 6. O-O Be7 7. c4 O-O 8. d4 cxd4
9. Nxd4 Nxd4 10. Qxd4 dxc4 11. Qxc4 Bd7 12. Bd3 Bc6 13. Rd1 Qa5 14. Qh4 Qh5 15.
Qxh5 Nxh5 16. Nc3 Nf6 17. Nb5 Rfd8 18. Nd4 Bd5 19. Rac1 Rac8 20. f3 Bc5 21. Kf1
b6 22. Ba6 Bxd4 23. Bxd4 Rxc1 24. Rxc1 Ne8 25. e4 Ba8 26. Bb2 f5 27. exf5 exf5
28. Ke2 Kf7 29. Ke3 Rd7 30. Bc4+ Bd5 31. Bb5 Re7+ 32. Kd4 Nf6 33. Ba3 Rb7 34.
Bd6 Be6 35. Bc6 Re7 36. Bxe7 Kxe7 37. Ke5 g6 38. Rd1 Nd7+ 39. Bxd7 Bxd7 40. Rc1
a5 41. Rc7 b5 42. Ra7 a4 43. b4 h6 44. Ra6 Be8 45. a3 h5 46. f4 h4 47. g3 hxg3
48. hxg3 Bf7 49. Ra7+ Ke8 50. Kf6 Bc4 51. Kxg6 Bd3 52. Kf6 Be4 53. Re7+ Kf8 54.
Re5 1-0

[Event "Druzynowe Mistrzostwa Polski Juniorow - I Liga 2023"]
[Site "Lublin"]
[Date "1899-12-30"]
[Round "3.44"]
[White "Walaszczyk, Mikolaj"]
[Black "Pancewicz, Szymon"]
[Result "0-1"]
[WhiteTitle "II"]
[BlackTitle "I+"]
[WhiteElo "1476"]
[BlackElo "1937"]

1. d4 d5 2. Nf3 Nf6 3. Bf4 c5 4. e3 Nc6 5. c3 Qb6 6. Qc1 Bf5 7. Nbd2 h6 8. dxc5
Qxc5 9. Bc7 e6 10. h3 Rc8 11. Nb3 Qe7 12. Bh2 Qd8 13. Be2 Bd6 14. Bxd6 Qxd6 15.
Nbd4 Bh7 16. O-O O-O 17. Nxc6 bxc6 18. c4 e5 19. Qc3 Rfe8 20. Rfd1 Qb8 21. b3
d4 22. Qb2 d3 23. Bf1 c5 24. Ne1 e4 25. f3 exf3 26. Nxf3 Rxe3 27. Ne1 Rd8 28.
Qf2 Qe5 29. Nc2 Rg3 30. Re1 Ne4 31. Rxe4 Bxe4 32. Rd1 Qg5 33. Na3 Rxh3 34. Nb5
d2 35. Nxa7 Bc2 36. Nc6 Rd7 37. Ne5 Qxe5 38. gxh3 Bxd1 0-1

[Event "Druzynowe Mistrzostwa Polski Juniorow - I Liga 2023"]
[Site "Lublin"]
[Date "1899-12-30"]
[Round "3.45"]
[White "Kalinowski, Rafal"]
[Black "Zmarzly, Wiktor"]
[Result "0-1"]
[WhiteTitle "II"]
[BlackTitle "I+"]
[WhiteElo "1267"]
[BlackElo "1818"]

1. d4 d5 2. Nf3 c5 3. c3 Nc6 4. Bg5 Nf6 5. e3 h6 6. Bxf6 gxf6 7. Bd3 Bg4 8. Nbd2
cxd4 9. cxd4 e6 10. h3 Bh5 11. a3 Bd6 12. Qc2 f5 13. b4 Rc8 14. Qb2 f6 15. Nb3
b6 16. Kd2 Rg8 17. Rhg1 Bxf3 18. gxf3 Kf7 19. f4 h5 20. Qb1 Qf8 21. Ke2 Qh6 22.
h4 Rg4 23. Rxg4 hxg4 24. Qh1 Qh5 25. Kd2 Rh8 26. Rc1 Ne7 27. Rg1 Qxh4 28. Qxh4
Rxh4 29. Ke2 Rh2 30. Nd2 e5 31. fxe5 fxe5 32. dxe5 Bxe5 33. Nf1 Rh3 34. Ke1 Bb2
35. a4 Bc3+ 36. Ke2 Bxb4 37. Ng3 Ke6 38. Rc1 Bd6 39. Rg1 Bxg3 40. Rxg3 Rxg3 41.
fxg3 Ng8 42. Ba6 Ke5 43. Bd3 Nf6 44. Kf2 Ne4+ 45. Kg2 d4 46. exd4+ Kxd4 47. Bb5
Nd6 48. Bd7 a6 49. Kf2 b5 50. axb5 axb5 51. Be6 b4 52. Bg8 Ne4+ 53. Kg2 Ke5 54.
Ba2 Nd2 55. Kf2 b3 56. Bxb3 Nxb3 57. Kg2 Ke4 58. Kf2 Kd3 59. Kg2 Ke3 60. Kg1 Kf3
61. Kh2 Kf2 62. Kh1 f4 63. gxf4 g3 64. f5 Nd2 65. f6 Nf1 66. f7 g2# 0-1

[Event "Druzynowe Mistrzostwa Polski Juniorow - I Liga 2023"]
[Site "Lublin"]
[Date "1899-12-30"]
[Round "3.46"]
[White "Staniczek, Kacper"]
[Black "Iwan, Patryk"]
[Result "1/2-1/2"]
[WhiteTitle "I"]
[BlackTitle "II"]
[WhiteElo "1398"]
[BlackElo "1247"]

1. e4 c5 2. Nf3 Nc6 3. d4 cxd4 4. Nxd4 g6 5. Nc3 Bg7 6. Be3 Nf6 7. Bc4 O-O 8. Bb3
Re8 9. O-O d6 10. h3 Bd7 11. Re1 Nxd4 12. Bxd4 b5 13. Nd5 Be6 14. Nxf6+ exf6 15.
Qd3 Qd7 16. Rad1 Red8 17. Bc3 a5 18. Bd5 Bxd5 19. Qxd5 b4 20. Bd4 Qe6 21. Be3
Qe5 22. Qxe5 fxe5 23. Rd5 Ra6 24. Red1 f6 25. Kf1 Bf8 26. Ke2 Rc8 27. R1d2 Kf7
28. Kd1 Be7 29. Rb5 Rcc6 30. Rdd5 Bd8 31. Rb7+ Rc7 32. Rb6 Rc6 33. Rxa6 Rxa6 34.
Rb5 Rc6 35. Rb7+ Rc7 36. Rb8 Rd7 37. Ke2 Ke6 38. Ra8 f5 39. exf5+ gxf5 40. Bd2
d5 41. Ra6+ Rd6 42. Ra7 Rd7 43. Ra6+ Rd6 1/2-1/2

[Event "Druzynowe Mistrzostwa Polski Juniorow - I Liga 2023"]
[Site "Lublin"]
[Date "1899-12-30"]
[Round "3.47"]
[White "Malicka, Magdalena"]
[Black "Lach, Alicja"]
[Result "1-0"]
[WhiteTitle "I++"]
[BlackTitle "I"]
[WhiteElo "1260"]
[BlackElo "1164"]

1. e4 c5 2. Nf3 Nc6 3. d4 cxd4 4. Nxd4 g6 5. c4 Bg7 6. Be3 Nf6 7. Nc3 O-O 8. Be2
d6 9. O-O Bd7 10. Qd2 Nxd4 11. Bxd4 Bc6 12. Bd3 Nd7 13. Bxg7 Kxg7 14. Rae1 a5
15. Re3 Nc5 16. Be2 f6 17. f4 Qb6 18. Kh1 Rad8 19. Bg4 Rfe8 20. Nd5 Bxd5 21. exd5
f5 22. Qd4+ Kf7 23. Rh3 Rh8 24. Bf3 Na4 25. Qxb6 Nxb6 26. b3 Rc8 27. g4 Kf6 28.
Re1 fxg4 29. Bxg4 Rce8 30. Re6+ Kf7 31. f5 Nd7 32. Rc3 b6 33. a3 Rhg8 34. fxg6+
hxg6 35. Re2 Nf6 36. Be6+ Kg7 37. Bxg8 Kxg8 38. Rg3 Kf7 39. Kg2 Rh8 40. Rge3 Re8
41. Kg3 Nh5+ 42. Kg4 Nf6+ 43. Kg5 Nh5 44. Re6 Nf6 45. Rf2 Kg7 46. Kf4 Rf8 47.
Rxe7+ Kg8 48. Kg3 Nh5+ 49. Kg2 Rd8 50. Rb7 Ng7 51. Rxb6 Nf5 52. Ra6 Rb8 53. Rb2
Ne3+ 54. Kf3 Nxc4 55. bxc4 Rxb2 56. Rxd6 Rxh2 57. Rxg6+ Kf7 58. Rg3 Rc2 59. Rg4
Rc3+ 60. Ke2 Rxa3 61. Re4 Ra2+ 62. Kd3 Ra1 63. Kc2 Ra2+ 64. Kc3 Ra1 65. d6 a4
66. d7 Rd1 67. Kb4 Rxd7 68. Kxa4 Rd1 69. Kb5 Rb1+ 70. Kc6 Rc1 71. c5 Kf6 72. Kb6
Rb1+ 73. Kc7 Rc1 74. c6 Kf5 75. Re2 Kf6 76. Kb7 Rb1+ 77. Kc8 Rc1 78. c7 Rc3 79.
Rd2 Ke7 80. Rd7+ Ke8 81. Rd8+ Ke7 82. Kb7 Rb3+ 83. Ka6 1-0

[Event "Druzynowe Mistrzostwa Polski Juniorow - I Liga 2023"]
[Site "Lublin"]
[Date "1899-12-30"]
[Round "3.48"]
[White "Moczala, Maja"]
[Black "Dabrowska, Ewa"]
[Result "1-0"]
[WhiteTitle "I++"]
[BlackTitle "I"]
[WhiteElo "1651"]
[BlackElo "1185"]

1. e4 c5 2. Nf3 e6 3. c3 Nf6 4. e5 Nd5 5. d4 cxd4 6. cxd4 b6 7. Bc4 Bb7 8. O-O
Be7 9. Bd2 O-O 10. Nc3 Nxc3 11. Bxc3 Ba6 12. Bxa6 Nxa6 13. Nd2 d6 14. f4 d5 15.
Qf3 Bb4 16. Rac1 Rc8 17. g4 Bxc3 18. bxc3 Qh4 19. Qg2 Rc6 20. Rf3 Qe7 21. Rh3
Qa3 22. Nb3 Nb4 23. Ra1 Na6 24. Qc2 g6 25. Qf2 Nc7 26. Qh4 Re8 27. Qxh7+ Kf8 28.
Qh4 Ra8 29. Qh8+ Ke7 30. Qf6+ Kd7 31. Qxf7+ Qe7 32. Qxg6 Qd8 33. f5 Kc8 34. Rb1
Qf8 35. f6 Kb7 36. Na5+ Kc8 37. Nxc6 Kd7 38. Qg7+ Kxc6 39. Qxf8 Rxf8 40. g5 Rg8
41. Rg3 Kd7 42. g6 Rf8 43. g7 Rg8 44. f7 1-0

[Event "Druzynowe Mistrzostwa Polski Juniorow - I Liga 2023"]
[Site "Lublin"]
[Date "1899-12-30"]
[Round "3.49"]
[White "Lochinski, Pawel"]
[Black "Kozlowski, Franciszek"]
[Result "1-0"]
[WhiteTitle "I"]
[BlackTitle "I+"]
[WhiteElo "1709"]
[BlackElo "1900"]

1. e4 c6 2. d4 d5 3. f3 Qb6 4. c3 dxe4 5. fxe4 e5 6. Nf3 exd4 7. cxd4 Bg4 8. Nc3
Nf6 9. Bc4 Bxf3 10. Qxf3 Qxd4 11. Bb3 Bb4 12. Bd2 Bxc3 13. Bxc3 Qxe4+ 14. Qxe4+
Nxe4 15. Bxg7 Rg8 16. Bh6 Rg6 17. O-O Rxh6 18. Rae1 Kd8 19. Rxe4 Nd7 20. Rxf7
Rf6 21. Rxh7 Kc7 22. Ree7 Rd6 23. Be6 Kb6 24. Bxd7 Rf8 25. Bg4 1-0

[Event "Druzynowe Mistrzostwa Polski Juniorow - I Liga 2023"]
[Site "Lublin"]
[Date "1899-12-30"]
[Round "3.50"]
[White "Duda, Szymon"]
[Black "Grzebieniowski, Michal"]
[Result "1/2-1/2"]
[WhiteTitle "I+"]
[BlackTitle "I"]
[WhiteElo "1928"]
[BlackElo "1603"]

1. e4 c6 2. Nf3 d5 3. exd5 cxd5 4. Ne5 Nc6 5. d4 Bf5 6. Bb5 Qb6 7. Qe2 e6 8. O-O
Nf6 9. c4 dxc4 10. Nc3 Bd3 11. Nxd3 cxd3 12. Qxd3 Rd8 13. Be3 Be7 14. Qe2 Qc7
15. Rfd1 O-O 16. Rac1 Qb8 17. Qf3 Nb4 18. a3 Nbd5 19. Bd3 Rc8 20. Ne4 Rxc1 21.
Rxc1 Rc8 22. Rxc8+ Qxc8 23. Bd2 Qc7 24. Qe2 g6 25. g3 b6 26. Qd1 Nxe4 27. Bxe4
Bf6 28. Bxd5 exd5 29. Bc3 Qc4 30. Qf1 Qc6 31. Kg2 Qe6 1/2-1/2

[Event "Druzynowe Mistrzostwa Polski Juniorow - I Liga 2023"]
[Site "Lublin"]
[Date "1899-12-30"]
[Round "3.51"]
[White "Adamczyk, Kacper"]
[Black "Lapczynski, Jacek"]
[Result "0-1"]
[WhiteTitle "II"]
[BlackTitle "II"]
[WhiteElo "1277"]
[BlackElo "1222"]

1. e4 c5 2. Nf3 Nc6 3. d4 cxd4 4. Nxd4 g6 5. c4 Bg7 6. Be3 d6 7. Nc3 Nf6 8. Be2
O-O 9. O-O Bd7 10. Qd2 Nxd4 11. Bxd4 Bc6 12. f3 Qc7 13. Rac1 a6 14. Nd5 Bxd5 15.
cxd5 Qd7 16. Rc3 Rac8 17. Rfc1 Rxc3 18. Qxc3 Rd8 19. Qc7 Nxd5 20. Qc4 Bxd4+ 21.
Qxd4 Nf4 22. Bc4 b5 23. Bf1 Rc8 24. Qe3 Rxc1 25. Qxc1 Ne6 26. a4 bxa4 27. Qc4
Nc5 28. e5 Qa7 29. Kh1 dxe5 30. Qd5 Qc7 31. Qc4 Qd6 32. h3 Kg7 33. Qc2 f6 34.
Bc4 h5 35. Qc3 Qd1+ 36. Kh2 Qd6 37. Kh1 e4 38. fxe4 Nxe4 39. Qe3 Ng3+ 40. Kg1
Qd1+ 41. Kh2 Nf5 42. Qe6 Qd6+ 43. Qxd6 Nxd6 44. Bxa6 Ne4 45. Bb5 Nc5 46. Kg3 Kf7
47. Kf3 Ke6 48. Bc4+ Ke5 49. Ke3 g5 50. Bf7 h4 51. Bh5 f5 52. Kd2 Kd4 53. Bg6
f4 54. Ke2 e5 55. Bc2 e4 56. Bd1 Nb3 57. Bc2 Kd5 58. Ke1 Nc5 59. Ke2 Kd4 60. Bd1
Nb3 61. Bc2 Kd5 62. Ke1 e3 63. Bd1 Kc4 64. Kf1 Kd3 65. Ke1 Nc5 66. Kf1 Kd2 0-1

[Event "Druzynowe Mistrzostwa Polski Juniorow - I Liga 2023"]
[Site "Lublin"]
[Date "1899-12-30"]
[Round "3.52"]
[White "Chmiel, Krzysztof"]
[Black "Kowalski, Aleksander"]
[Result "1-0"]
[WhiteTitle "II"]
[BlackTitle "II"]
[WhiteElo "1298"]
[BlackElo "1157"]

1. e4 e5 2. Bc4 Nc6 3. a3 Nf6 4. d3 Bc5 5. Nf3 d6 6. Nc3 Bg4 7. h3 Bh5 8. g4 Bg6
9. Bg5 h6 10. Bh4 Nd4 11. Nd5 Ne6 12. Nxf6+ gxf6 13. Bxe6 fxe6 14. c3 Bb6 15.
a4 a5 16. Qb3 Qe7 17. Qb5+ Qd7 18. Qxd7+ Kxd7 19. Ke2 Rhf8 20. Nd2 d5 21. f3 c6
22. Bf2 Bxf2 23. Kxf2 Rg8 24. b4 b6 25. Nb3 axb4 26. cxb4 Kd6 27. Rhc1 Rg7 28.
a5 bxa5 29. Nxa5 Rc8 30. b5 c5 31. b6 Rb8 32. b7 Be8 33. Kg3 Re7 34. Rab1 Bc6
35. Rb6 Rc7 36. Kh4 Kd7 37. Rxc5 Bxb7 38. Rxc7+ Kxc7 39. Rxb7+ Rxb7 40. Nxb7 Kxb7
41. Kh5 f5 42. gxf5 exf5 43. exf5 e4 44. fxe4 Kc6 45. exd5+ Kxd5 46. Kg6 1-0

[Event "Druzynowe Mistrzostwa Polski Juniorow - I Liga 2023"]
[Site "Lublin"]
[Date "1899-12-30"]
[Round "3.53"]
[White "Ziobrowska, Maja"]
[Black "Slusarczyk, Anna"]
[Result "1-0"]
[WhiteTitle "I++"]
[BlackTitle "I++"]
[WhiteElo "1759"]
[BlackElo "1735"]

1. e4 c5 2. Nc3 Nc6 3. f4 e6 4. Nf3 d5 5. e5 d4 6. Ne4 a6 7. a4 Be7 8. d3 b6 9.
Be2 Bb7 10. O-O Nh6 11. Nfd2 Nf5 12. Nc4 b5 13. Na3 Qb6 14. Bf3 Nh4 15. Bd2 Nb4
16. Qe2 O-O 17. Be1 Nf5 18. c3 Nd5 19. Bd2 Nfe3 20. Bxe3 Nxe3 21. Rfe1 Rac8 22.
Nc2 Nxc2 23. Qxc2 Rfd8 24. c4 bxc4 25. dxc4 h6 26. Ra3 Bc6 27. Nf2 Rb8 28. Bxc6
Qxc6 29. Rd3 Rd7 30. Ne4 Kh8 31. Rh3 d3 32. Rxd3 Rxd3 33. Qxd3 Rxb2 34. Qc3 Rb4
35. Qd3 Qxa4 36. Nd6 Kg8 37. f5 Qd7 38. Rd1 Rb6 39. f6 Bxd6 40. Qg3 g6 41. exd6
a5 42. h4 a4 43. Qf4 Kh7 44. h5 Rb8 45. hxg6+ Kg8 46. Qxh6 fxg6 47. Qxg6+ Kf8
48. Qh6+ Kg8 49. Qg5+ Kf8 50. f7 Qxf7 51. d7 1-0

[Event "Druzynowe Mistrzostwa Polski Juniorow - I Liga 2023"]
[Site "Lublin"]
[Date "1899-12-30"]
[Round "3.54"]
[White "Slusarczyk, Agnieszka"]
[Black "Mataczyna, Aleksandra"]
[Result "1/2-1/2"]
[WhiteTitle "I"]
[BlackTitle "I"]
[WhiteElo "1400"]
[BlackElo "1166"]

1. c4 e5 2. Nc3 d6 3. g3 Nf6 4. Bg2 Nc6 5. Nf3 Be7 6. O-O O-O 7. a3 a5 8. d4 h6
9. d5 Nb8 10. e4 Nbd7 11. Be3 Ng4 12. Qe2 Nxe3 13. Qxe3 Nb6 14. Qd3 f5 15. Nd2
f4 16. b4 Bd7 17. Nb3 a4 18. Nc1 Bg4 19. f3 Bd7 20. N1e2 Qe8 21. Rac1 Qh5 22.
Nd1 Bh3 23. g4 Qh4 24. Nf2 Bxg2 25. Kxg2 h5 26. c5 Nd7 27. cxd6 Bxd6 28. Nc3 Rf6
29. Nb5 Rh6 30. Nxc7 Bxc7 31. Rxc7 Nf6 32. Rh1 hxg4 33. fxg4 Nxg4 34. Nxg4 Qxg4+
35. Kf2 Rh3 36. Qe2 f3 37. Qf1 Rh6 38. Qg1 Qh4+ 39. Ke3 Qf4+ 40. Kd3 Rh7 41. Qg6
f2 42. Qe6+ Kf8 43. Qd6+ Kg8 44. Qe6+ Kf8 45. Qe7+ Kg8 46. Qe6+ Kf8 47. Qd6+ Kg8
48. Qe6+ Kf8 49. Qe7+ Kg8 50. Qe6+ Kf8 1/2-1/2

[Event "Druzynowe Mistrzostwa Polski Juniorow - I Liga 2023"]
[Site "Lublin"]
[Date "1899-12-30"]
[Round "3.55"]
[White "Anyz, Monika"]
[Black "Maciaszek, Karol"]
[Result "0-1"]
[WhiteTitle "I++"]
[BlackTitle "I"]
[WhiteElo "1652"]
[BlackElo "1731"]

1. e4 c5 2. Nf3 e6 3. d4 cxd4 4. Nxd4 Nf6 5. Nc3 Nc6 6. Bg5 Bb4 7. Nxc6 bxc6 8.
f4 Qa5 9. Bxf6 gxf6 10. Qd4 Qb6 11. Qxb6 axb6 12. Kd2 Rg8 13. g3 Bb7 14. Bd3 Ke7
15. a3 Bc5 16. Rae1 b5 17. e5 f5 18. Na2 Bb6 19. Rhf1 Rg6 20. Re2 Ra5 21. Nc1
c5 22. c4 b4 23. axb4 cxb4 24. Nb3 Ra8 25. c5 Ba7 26. Rc1 Bf3 27. Rf2 Bd5 28.
Bc4 Bc6 29. Ra1 Bxc5 30. Rxa8 Bxf2 31. Rb8 Rh6 32. Rxb4 Rxh2 33. Be2 Bxg3 34.
Nc1 h5 35. Ke3 Bf2+ 36. Kd2 h4 37. Rb8 h3 38. b4 Bg3 39. Ke3 Rh1 40. Nd3 h2 0-1

[Event "Druzynowe Mistrzostwa Polski Juniorow - I Liga 2023"]
[Site "Lublin"]
[Date "1899-12-30"]
[Round "3.56"]
[White "Rajlich, Vaclav"]
[Black "Serewa, Antoni"]
[Result "0-1"]
[WhiteTitle "I"]
[BlackTitle "I"]
[WhiteElo "1572"]
[BlackElo "1695"]

1. e4 c5 2. Nf3 Nc6 3. d4 cxd4 4. Nxd4 e5 5. Nb5 d6 6. N1c3 a6 7. Na3 b5 8. Nd5
Nf6 9. Bg5 Be7 10. Bxf6 Bxf6 11. c4 b4 12. Qa4 Bd7 13. Nb5 axb5 14. Qxa8 Qxa8
15. Nc7+ Ke7 16. Nxa8 Rxa8 17. O-O-O Rxa2 18. Kb1 Ra7 19. cxb5 Nd4 20. g3 Nxb5
21. f4 Nd4 22. f5 Ba4 23. Rd2 Bg5 24. Rg2 Bb3 25. h4 Ba2+ 26. Ka1 Nb3# 0-1